000 00432nam a2200181 a 4500
001 1754983874751
003 ACL
005 20250812130400.0
008 250812s2008##################000#0#eng##
020 _a9780470723234
082 0 4 _a720
_bSCH
100 1 _aSchaik, Leon van,
_eauthor.
245 1 0 _aSpatial Intelligence :
260 _bWiley,
_c2008.
650 0 _aArchitecture.
942 _cENGLISH
040 _aACL
_beng
_cACL
999 _c581287
_d581287